When he is come : (Record no. 1425)
[ view plain ]
| 000 -LEADER | |
|---|---|
| fixed length control field | 00927cam a2200313Ia 4500 |
| 001 - CONTROL NUMBER | |
| control field | 7936432 |
| 003 - CONTROL NUMBER IDENTIFIER | |
| control field | OCoLC |
| 005 - DATE AND TIME OF LATEST TRANSACTION | |
| control field | 20180913085523.0 |
| 008 - FIXED-LENGTH DATA ELEMENTS--GENERAL INFORMATION | |
| fixed length control field | 811118s1968 pau 000 0 eng d |
| 020 ## - INTERNATIONAL STANDARD BOOK NUMBER | |
| International Standard Book Number | 0875092217 |
| 020 ## - INTERNATIONAL STANDARD BOOK NUMBER | |
| International Standard Book Number | 9780875092218 |
| 035 ## - SYSTEM CONTROL NUMBER | |
| System control number | (OCoLC)7936432 |
| 040 ## - CATALOGING SOURCE | |
| Original cataloging agency | TBI |
| Language of cataloging | eng |
| Transcribing agency | TBI |
| Modifying agency | NLC |
| -- | OCLCQ |
| -- | OCLCG |
| -- | TLE |
| -- | OCLCQ |
| -- | OCLCO |
| -- | CIRBC |
| 050 14 - LIBRARY OF CONGRESS CALL NUMBER | |
| Classification number | BT122 |
| Item number | .T65 1968 |
| 050 #4 - LIBRARY OF CONGRESS CALL NUMBER | |
| Classification number | BV4253 |
| Item number | .T6 1968 |
| 055 01 - CLASSIFICATION NUMBERS ASSIGNED IN CANADA | |
| Classification number | BT121.2 |
| 082 14 - DEWEY DECIMAL CLASSIFICATION NUMBER | |
| Classification number | 231 |
| Edition number | 12 |
| Item number | T757W |
| 092 ## - LOCALLY ASSIGNED DEWEY CALL NUMBER (OCLC) | |
| Classification number | 231 |
| Item number | T757w |
| 100 1# - MAIN ENTRY--PERSONAL NAME | |
| Personal name | Tozer, A. W. |
| Fuller form of name | (Aiden Wilson), |
| Dates associated with a name | 1897-1963. |
| 245 10 - TITLE STATEMENT | |
| Title | When he is come : |
| Remainder of title | ten messages on the Holy Spirit. / |
| Statement of responsibility, etc. | by A.W. Tozer. |
| 250 ## - EDITION STATEMENT | |
| Edition statement | First Asian Edition |
| 260 ## - PUBLICATION, DISTRIBUTION, ETC. | |
| Place of publication, distribution, etc. | Harrisburg, Pa. : |
| Name of publisher, distributor, etc. | Christian Publications, |
| Date of publication, distribution, etc. | 1968. |
| 260 ## - PUBLICATION, DISTRIBUTION, ETC. | |
| Place of publication, distribution, etc. | Mumbai : |
| Name of publisher, distributor, etc. | GLS Press, |
| Date of publication, distribution, etc. | 1982. |
| 300 ## - PHYSICAL DESCRIPTION | |
| Extent | 172 p. ; |
| Dimensions | 18 cm. |
| 500 ## - GENERAL NOTE | |
| General note | $1.95. |
| 650 #0 - SUBJECT ADDED ENTRY--TOPICAL TERM | |
| Topical term or geographic name entry element | Holy Spirit |
| Form subdivision | Sermons. |
| 650 #0 - SUBJECT ADDED ENTRY--TOPICAL TERM | |
| Topical term or geographic name entry element | Sermons, American. |
| 942 ## - ADDED ENTRY ELEMENTS (KOHA) | |
| Source of classification or shelving scheme | Dewey Decimal Classification |
| Koha item type | Books |
| Withdrawn status | Lost status | Source of classification or shelving scheme | Damaged status | Not for loan | Collection code | Home library | Current library | Shelving location | Date acquired | Cost, normal purchase price | Total Checkouts | Full call number | Barcode | Date last seen | Price effective from | Koha item type |
|---|---|---|---|---|---|---|---|---|---|---|---|---|---|---|---|---|
| Dewey Decimal Classification | Non-fiction | Harvest Mission College | Harvest Mission College | General Stacks | 13.09.2018 | 180.00 | 231 T757W | 000428 | 13.09.2018 | 13.09.2018 | Books | |||||
| Dewey Decimal Classification | Non-fiction | Harvest Mission College | Harvest Mission College | General Stacks | 12.12.2018 | 160.00 | 231 T757W | 005381 | 12.12.2018 | 12.12.2018 | Books |
